Normal view MARC view

Entry Personal Name

Number of records used in: 2

001 - CONTROL NUMBER

  • control field: 65845

003 - CONTROL NUMBER IDENTIFIER

  • control field: dpl

005 - DATE AND TIME OF LATEST TRANSACTION

  • control field: 20240507123155.0

008 - FIXED-LENGTH DATA ELEMENTS

  • fixed length control field: 240507|| aca||aabn | a|a d

040 ## - CATALOGING SOURCE

  • Original cataloging agency: dpl
  • Transcribing agency: dpl

100 ## - HEADING--PERSONAL NAME

  • Personal name: Doyle, Sir Arthur Conan
  • Dates associated with a name: 2022

670 ## - SOURCE DATA FOUND

  • Source citation: Work cat.: (dpl)202149: Doyle, Sir Arthur Conan 2022, Ten Customary Stories/, 2022

© Delhi Public Library
Hit Counter
free hit counter